000 00960nam a2200229 a 4500
001 000220072
003 AM-YeHGA
005 20250618071521.0
008 030422s1978 ai 000 | arm d
040 _aAM-YeHGA
100 1 _aՍթայնբեք, Ջոն
_d1902-1968
245 1 0 _aՄեր հոգսերի ձմեռը :
_bՄկների ու մարդկանց մասին /
_cՋ. Սթայնբեք; Թարգմ.՝ Կ.Ա. Սիմոնյան; Խմբ.՝ Գ.Գ. Խաչատրյան.
246 3 0 _aՄկների ու մարդկանց մասին
260 _aԵրևան :
_bՍովետական գրող,
_c1978.
300 _a477 էջ ;
_c21 սմ.
650 1 4 _aԱմերիկյան գրականություն
_xՎեպ
650 1 4 _aԱմերիկյան գրականություն
_xՎիպակ
700 1 _aՍիմոնյան, Կարեն Արամի,
_d1936-2018
_eթարգմ.
_4trl
_98967
700 1 _aԽաչատրյան, Գ.Գ.
_eխմբ.
_4edt
942 _2udc
_cBK
090 _c78419
999 _c77179
_d77179